Communes d'Indre-et-Loire par images satellites - Statistiques

Statistiques générales
  • Ce quiz a été pris 37 fois
  • Le résultat moyen est 7 sur 20
Statistiques - réponses
Par images Hint Réponse % Correct
Le Petit Paris Tours
83%
Un des maires de cette commune a été député, sénateur et Premier Ministre Amboise
80%
Ville ouvrière au passé ferroviaire marqué Saint-Pierre-des-Corps
77%
Commune célèbre pour sa forteresse et pour avoir accueilli le tournage de la série "Qu'est-ce qu'on a fait Chinon
50%
Son château accueille la vitrine du jardin à la Française Villandry
47%
Compris dans la célèbre expression : On est pas rendu à... Loches
43%
Porte le nom d'un cardinal qui a fondé cette ville Richelieu
43%
La deuxième commune la plus peuplée du département Joué-lès-Tours
40%
Le plus célèbre des châteaux tourangeaux, sur le Cher Chenonceaux
37%
La centrale nucléaire de "Chinon", se trouve en fait sur cette commune Avoine
33%
Son château a accueilli le mariage d'Anne de Bretagne et Charles VIII Langeais
33%
Célèbre pour son château construit l'Indre Azay-le-Rideau
27%
En bord de Vienne, souvent proie aux inondations L'Île-Bouchard
27%
Connu pour son festival Américain, le plus grand de France Luynes
20%
Connue pour ses vins près d'autres appellations comme Saumur Bourgueil
13%
C'est la ville carrefour entre Tours, Angers, Laval et Blois Château-la-Vallière
13%
Elle possède une forteresse avec des animations toute l'année Montbazon
10%
La commune la plus petite en superficie du département Montrésor
10%
Connu pour son AOP de fromage de chèvre Sainte-Maure-de-Touraine
10%
Cité ouvrière du Cuir et du Textile Château-Renault
3%
Aucun quiz correspondant
Distribution des résultats
% des personnes avec chaque résultat
Percentile par nombre de réponses
Votre historique - résultats
Vous n’avez pas pris ce quiz